01538nam a2200205 a 4500090001600000041000800016100003600024245013800060260005300198300001000251520087900261650002601140650002501166650002501191650002601216650002101242662003901263945001501302999001501317 aIAVHb00607 aspa aBarrero, María Carolina95084 aEstado del arte en métodos de priorización de áreas de conservación y esqueleto de propuesta para el Altiplano cundiboyacense aBogotábInstituto Alexander von Humboldtc2005 a75 p. aLa literatura ofrece gran variedad de métodos propuestos desde distintos enfoques que intentan acercase al ideal y cumplir a cabalidad con distintos principios, criterios y metas de conservación. Este documento proporciona un abanico de opciones metodológicas para el desarrollo de estrategias de conservación. Se discuten argumentos y cuestionamientos existentes entre distintos autores que confluyen en una misma herramienta metodológica y se muestran los progresos que han tenido la comunidad científica y las organizaciones responsables. Se presentó una propuesta para priorizar áreas de conservación en el Altiplano cundiboyacense en la cual se incluyen los siguientes pasos: diagnóstico de vacíos de información, selección de objetos de conservación, definición de metas de conservación, amenazas, algoritmo de selección de humedales. aConservación992401 aBiodiversidad992204 aAreas protegidas978 aBibliografía992439 aHumedales992440 aColombiacAltiplano cundiboyacense d2007-08-15 c6114d6114